<?xml version="1.0" encoding="UTF-8"?>
<record
    xmlns:xsi="http://www.w3.org/2001/XMLSchema-instance"
    xsi:schemaLocation="http://www.loc.gov/MARC21/slim http://www.loc.gov/standards/marcxml/schema/MARC21slim.xsd"
    xmlns="http://www.loc.gov/MARC21/slim">

  <leader>     nam a22     7a 4500</leader>
  <datafield tag="999" ind1=" " ind2=" ">
    <subfield code="c">139419</subfield>
    <subfield code="d">139417</subfield>
  </datafield>
  <controlfield tag="005">20191108115843.0</controlfield>
  <controlfield tag="008">191108b        mx ||||| |||| 00| 0 spa d</controlfield>
  <datafield tag="020" ind1=" " ind2=" ">
    <subfield code="a">9701048857</subfield>
  </datafield>
  <datafield tag="050" ind1="0" ind2="4">
    <subfield code="a">HD9435.A2</subfield>
    <subfield code="b">C35 2005</subfield>
  </datafield>
  <datafield tag="245" ind1="0" ind2="0">
    <subfield code="a">C&#xE1;lculos para la planeaci&#xF3;n y control de empresas porcinas </subfield>
    <subfield code="c"> / colaborador  Javier Flores Covarrubias.</subfield>
  </datafield>
  <datafield tag="250" ind1=" " ind2=" ">
    <subfield code="a">1a ed.</subfield>
  </datafield>
  <datafield tag="260" ind1=" " ind2=" ">
    <subfield code="a">M&#xE9;xico :</subfield>
    <subfield code="b">Mc Graw-Hill, Interamericana </subfield>
    <subfield code="c">2005</subfield>
  </datafield>
  <datafield tag="300" ind1=" " ind2=" ">
    <subfield code="a">116 p. ;</subfield>
    <subfield code="c">23 cm.</subfield>
  </datafield>
  <datafield tag="490" ind1="0" ind2=" ">
    <subfield code="a">Agropecuaria</subfield>
  </datafield>
  <datafield tag="504" ind1=" " ind2=" ">
    <subfield code="a">Incluye indice</subfield>
  </datafield>
  <datafield tag="650" ind1=" " ind2="4">
    <subfield code="2">lemb</subfield>
    <subfield code="a">Cerdos </subfield>
    <subfield code="x">Industria y comercio</subfield>
  </datafield>
  <datafield tag="650" ind1=" " ind2="4">
    <subfield code="a">Cerdos, Cr&#xED;a de</subfield>
    <subfield code="x">Modelos matem&#xE1;ticos</subfield>
  </datafield>
  <datafield tag="700" ind1="1" ind2=" ">
    <subfield code="a">Flores Covarrubias, Javier,</subfield>
    <subfield code="e">colaborador </subfield>
  </datafield>
  <datafield tag="942" ind1=" " ind2=" ">
    <subfield code="2">lcc</subfield>
    <subfield code="c">LIB</subfield>
  </datafield>
  <datafield tag="952" ind1=" " ind2=" ">
    <subfield code="1">0</subfield>
    <subfield code="2">lcc</subfield>
    <subfield code="4">0</subfield>
    <subfield code="7">0</subfield>
    <subfield code="a">LIC-013</subfield>
    <subfield code="b">LIC-013</subfield>
    <subfield code="c">GENERAL</subfield>
    <subfield code="d">2019-11-08</subfield>
    <subfield code="f">1a ed. </subfield>
    <subfield code="k">CA</subfield>
    <subfield code="o">HD9435.A2 C35 2005</subfield>
    <subfield code="p">MVZ000005476</subfield>
    <subfield code="r">2019-11-08 00:00:00</subfield>
    <subfield code="t">C : 1</subfield>
    <subfield code="v">1.00</subfield>
    <subfield code="y">LIB</subfield>
  </datafield>
</record>
